000 00749nam a22001577a 4500
003 OSt
005 20150917145852.0
008 150917b xxu||||| |||| 00| 0 eng d
040 _cRUA
082 _aAGR BAN 2004 B031 Or.1
100 _9683
_aBAN, RATTANAK.
245 _aExperimentation of nitrogen fertilizer influence on DT 84 variety soybean on royal university of agriculture ការពិសោធន៍ពីឥទ្ធិពលជីអាសូតលើដំណាំសណ្ដែកសៀងដេតេ​ ៨៤​ ក្នុងល័ក្ខខ័ណ្ឌសាកលវិទ្យាល័យភូមិន្ទកសិកម្ម
260 _aPhnom Penh
_bRUA
_c2004
300 _a13; 61p.
_bill.
_c29cm.
942 _2ddc
_cAGR
999 _c658
_d658